| 000 | 00830nam a2200265 a 4500 | ||
|---|---|---|---|
| 001 | 305 | ||
| 003 | BD-RjUL | ||
| 005 | 20211208233144.0 | ||
| 008 | 161203r19681967enk 001 0 eng d | ||
| 035 | _a(BD-RjUL) 322 | ||
| 035 | _a(OCoLC)863582 | ||
| 040 |
_aDLC _cOTU _dOCoLC _dUk _d(BD-RjUL) _beng |
||
| 041 | _aeng | ||
| 082 |
_a020.942 _223 _bLIB 1968 |
||
| 245 | 0 | 0 |
_aLibrarianship in Britain today / _cedited by W. L. Saunders. |
| 260 |
_aLondon : _bLibrary Association, _c1967[reprinted1968] |
||
| 300 |
_axviii, 173 p.; _c22 cm. |
||
| 504 | _aBibliographical footnotes. | ||
| 526 | _blibrary science | ||
| 650 | 0 |
_aLibraries--Great Britain. _zGreat Britain. _9972 |
|
| 700 | 1 |
_aSaunders, W. L. _q(Wilfred Leonard), _d1920-2007, _eed. _9973 |
|
| 710 | 2 |
_aBritish Council. _9974 |
|
| 942 |
_2ddc _cBK |
||
| 999 |
_c305 _d305 |
||